000 00516nam a2200193Ia 4500
005 20251020182617.0
008 200515s9999 xx 000 0 und d
082 _aSC/694/I61
110 _aInstituto Técnico de Capacitación u Productividad
245 0 _aManual de conocimientos básicos de carpintería
260 _aGuatemala
260 _c1982
300 _a139
520 _aOperaciones básicas de carpintería
650 _aCARPINTERIA
650 _aMANUALES
650 _aPUB INTECAP
942 _cLIB
999 _c3536
_d3536